Gog / (Record no. 117809)

MARC details
000 -LEADER
campo de control de longitud fija 00643nam a2200217 i 4500
001 - NÚMERO DE CONTROL
campo de control 117809
003 - IDENTIFICADOR DE NÚMERO DE CONTROL
campo de control ES-MaACL
005 - FECHA Y HORA DE LA ÚLTIMA TRANSACCIÓN
campo de control 20251015063118.0
007 - CAMPO FIJO DE DESCRIPCIÓN FÍSICA--INFORMACIÓN GENERAL
campo de control de longitud fija t|
008 - DATOS DE LONGITUD FIJA--INFORMACIÓN GENERAL
campo de control de longitud fija 070214s1957 sp r ||||1| spa d
080 ## - NÚMERO DE LA CLASIFICACIÓN DECIMAL UNIVERSAL
Número de la Clasificación Decimal Universal 821.131.1-31"19"
100 1# - ENTRADA PRINCIPAL--NOMBRE DE PERSONA
Nombre de persona Papini, Giovanni,
Fechas asociadas al nombre 1881-1956
9 (RLIN) 88874
245 10 - MENCIÓN DEL TÍTULO
Título Gog /
Mención de responsabilidad, etc. Giovanni Papini ; traducido directamente del italiano por Mario Verdaguer.
260 ## - PUBLICACIÓN, DISTRIBUCIÓN, ETC.
Lugar de publicación, distribución, etc. Barcelona :
Nombre del editor, distribuidor, etc. AHR,
Fecha de publicación, distribución, etc. 1957.
300 ## - DESCRIPCIÓN FÍSICA
Extensión 393 p. ;
Dimensiones 19 cm.
490 1# - MENCIÓN DE SERIE
Mención de serie Pigmalión
700 1# - ENTRADA AGREGADA--NOMBRE PERSONAL
Nombre de persona Verdaguer, Mario.
9 (RLIN) 114001
830 0# - PUNTO DE ACCESO ADICIONAL DE SERIE-TÍTULO UNIFORME
Título uniforme Pigmalión
9 (RLIN) 182328
852 ## - LOCALIZACIÓN
Ubicación ES-MaACL
Número de control de estantería C-13392
Sublocalización o colección R.40928
Holdings
Estatus retirado Estado de pérdida Estado de daño No para préstamo Biblioteca de origen Biblioteca actual Ubicación en estantería Fecha de adquisición Fuente de adquisición Total de préstamos Signatura topográfica completa Código de barras Visto por última vez Precio de reemplazo Tipo de ítem Koha
        Biblioteca del Ateneo de Madrid Biblioteca del Ateneo de Madrid Sala Palomar 17/01/2008     C-13392 1122820 23/02/2023 23/02/2023 Libro impreso